00720nam a2200241 a 4500001001300000003000900013005001700022008004100039020001000080082001800090100002100108245004500129260003900174300000900213500003500222505002600257650002300283700002100306902000800327942000700335952011900342999001700461nice12345678IN_TiNIC20260116014253.0050524s1991 dela grp 000 0 eng  ac15000a297.122bABD1 aAbdul Haq, Mahar aEducational Philosophy of the Holy Quran aDelhibNaushaba Publicationsc1991 a330p aincludes index and biblioraphy2 aIndex, Quranic Verses aQuran-Appreciation1 aAbdul Haq, Mahar bSRS cBK 001040708StackRoom-aHMIbHMId2007-07-30g150.00l0o297.122 ABD1p020572r2007-07-30v150.00w2005-05-24yBK c14588d14588